The 1800s – Sudden Death - Statistics

General Stats
  • This quiz has been taken 59 times
  • The average score is 6 of 20
Answers on the Grid
Answers color-coded by a green-red scale on the quiz's grid according to % correct below.
Industrial Revolution
First Sino-Japanese War
Haitian Revolution
The Year Without a Summer
Russian abolition of serfdom
Qing Dynasty
Napoleonic Wars
Battle of Antietam
July Monarchy
Invention of anesthesia
Century of Humiliation
Hitler was born
Nintendo founded
Snooker created
Beethoven's 5th Symphony
Oliver Twist published
Uruguayan Civil War
The word "dinosaur" is coined
British invasion of Egypt
Boxer Rebellion
John F. Kennedy's life
Oklahoma becomes a state
Bach existed
Formation of the Beatles
Chad independence
The top hat was invented
Execution of the Romanovs
World War I
Newfoundland joining Canada
Seven Years' War
 
Answer Stats
Answer % Correct
1889 Hitler was born
58%
1760-1840 Industrial Revolution
56%
1803-1815 Napoleonic Wars
53%
1837 Oliver Twist published
53%
1791-1804 Haitian Revolution
42%
1808 Beethoven's 5th Symphony
37%
1861 Russian abolition of serfdom
37%
1899-1901 Boxer Rebellion
35%
1816 The Year Without a Summer
35%
1862 Battle of Antietam
33%
1644-1912 Qing Dynasty
33%
1841 The word "dinosaur" is coined
26%
1882 British invasion of Egypt
23%
1839-1851 Uruguayan Civil War
23%
1894-1895 First Sino-Japanese War
21%
1846 Invention of anesthesia
21%
1889 Nintendo founded
19%
1830-1848 July Monarchy
16%
1839-1945 Century of Humiliation
9%
1875 Snooker created
9%
No matching quizzes found
Score Distribution
Percent of People with Each Score
Percentile by Number Answered
Your Score History
You have not taken this quiz